000
00314 a2200121 4500
000
nam a22 7a 4500
005
20260213110429.0
020
_a
978-1-041-08725-0
100
_a
Jahanbegloo, Ramin
_9
1115553
245
_a
Hannah Arendt: the illegitimacy of violence
260
_b
Routledge
_c
2025
942
_c
TB
999
_c
1679522
_d
1679522